000 01895cam a22005174i 4500
003 PE-LiUPU
005 20250731165640.0
008 150616s r 000 0 d
020 _a0877842590
035 _a(Sirsi) i9780877842590
040 _aPE-LiUPU
_bspa
_cPE-LiUPU
_erda
049 _aPRUA
082 0 4 _a221.7
_bTOT
_221
100 1 _aWiseman, Donald J.,
_eautor.
245 1 0 _a1 & 2 Kings :
_ban introduction & commentary.
_n9 /
_cDonald J. Wiseman.
264 1 _aIllinois, USA :
_bInter-Varsity Press,
_c1993.
300 _a318 páginas :
_bIlustraciones ;
_c18 centímetros
336 _atext
_2rdacontent
337 _aunmediated
_2rdamedia
338 _avolume
_2rdacarrier
490 0 _aTyndale Olt Testament Commentaries ;
_v9
505 0 _aThe value of the books of Kings -- Themes and theology -- Chronology -- Archaeological evidence -- Sources -- Literary form -- Composition and authorship
526 _aSEG44
526 _aSEG26
526 _aP151
526 _aP150
526 _aP149
526 _aP146
526 _aP145
526 _aP126
526 _aP125
526 _aP92
526 _aP75
526 _aP74
526 _aP27
526 _aP15
630 _aBiblia.
_pA.T.
_preyes I, II
_xComentarios.
650 0 4 _a
910 _ajck
_bjvq
_cjck
942 _2ddc
_cBOOK
949 _aRC 221.7 TOT 9
_wDEWEY
_c1
_i40338
_lCCODEBUL1
_mBUL
_r0
_sY
_tBOOK
_u2015-6-16
_xTEOLOGIA
_zUNKNOWN
_0COMPRA
_o.CIRCNOTE. No olvidar cambiar la fecha de devolución!!!!!!!
_o.STAFF. Colección General
994 _aC0
_bPEPRU
596 _a1
999 _aRC 221.7 TOT 9
_wDEWEY
_c58142
_i40338
_d58142
_f2021-11-8
_g7
_lCCODEBUL1
_mBUL
_q1
_r1
_sY
_tBOOK
_u2015-6-16
_xTEOLOGIA
_zUNKNOWN
_0COMPRA
_o.CIRCNOTE. No olvidar cambiar la fecha de devolución!!!!!!!
_o.STAFF. Colección General
980 _81
_gALBERTO SANCHEZ Responsable de Automatización